Statistiken für Alle Minderheiten Norwegens

Klicken Sie hier um das Quiz zu spielen!

Allgemein

  • Dieses Quiz wurde 47 mal gespielt
  • Das Durchschnittsergebnis liegt bei 12 aus 20

Antwortstatistiken

BevölkerungLand% Korrekt
39,031Schweden
98%
28,639Deutschland
95%
22,561Russland
88%
20,833Dänemark
83%
117,331Polen
75%
37,581Syrien
75%
20,679Türkei
75%
34,671Irak
70%
19,282Indien
68%
23,765Iran
68%
22,361Afghanistan
65%
18,738Rumänien
60%
48,564Litauen
58%
39,257Pakistan
55%
22,707Thailand
45%
23,811Vietnam
45%
18,738Bosnien und Herzegowina
38%
43,593Somalia
35%
26,337Philippinen
25%
30,213Eritrea
23%

Verteilung der Resultate

Perzentil nach korrekt beantworteten Fragen

Anzahl Personen mit jedem Resultat

Ihre Resultats-Entwicklung

Sie haben dieses Quiz noch nicht gespielt